| 000 | 00000nas##2200000za#4500 |
| 001 | 9.511928 |
| 003 | CaOODSP |
| 005 | 20200421173712 |
| 007 | ta |
| 008 | 150406c2000||||xxc|| p #||||f| |0eng|d |
| 022 | |a1709-2841 |
| 040 | |aCaOODSP|beng |
| 041 | |aeng |
| 041 | |afre |
| 043 | |an-cn--- |
| 086 | 1 |aTU1 |
| 110 | 2 |aTransportation Safety Board of Canada. |
| 245 | 10|aTransportation Safety Board of Canada - annual report to Parliament |
| 260 | |aGatineau - Quebec : |bTransportation Safety Board of Canada |
| 300 | |aEnglish text, ; |c28 cm. |
| 310 | |aAnnual |
| 520 | 3 |aDiscusses the activities of the Transportation Safety Board of Canada. The Board’s mandate is to advance the safety of marine, pipeline, rail, and air transportation by investigating accidents and incidents; identifying safety deficiencies and making recommendations to correct them; and reporting its findings to the public. |
| 563 | |aSoftcover |
| 690 | 07|aTransportation safety|2gcpds |
| 776 | 0#|tAnnual report to Parliament |w(CaOODSP)9.505947 |
| 792 | |tBureau de la sécurité des transports du Canada - rapport annuel au Parlement |efre|w(CaOODSP)9.511929 |